| 000 | 00856nam a22002537a 4500 | ||
|---|---|---|---|
| 001 | 9081 | ||
| 003 | FISKH | ||
| 005 | 20251120135335.0 | ||
| 008 | 251119b cb ||||| |||| 00| 0 eng d | ||
| 020 | _a9780448456058 | ||
| 040 |
_aFISKH _beng _cFISKH _dFISKH |
||
| 082 | _a428.6 | ||
| 100 | _aBartlett, Craig | ||
| 245 |
_aTiny learns to fish ! / _cbased on the television series created by Craig Bartlett |
||
| 260 |
_aNew York : _bGrosset & Dunlap , _c2011. |
||
| 300 |
_a32 pages : _bcolor illustrations ; _c23 cm . |
||
| 490 |
_aDinosaur Train _vLevel 1 |
||
| 505 | _aH | ||
| 520 | _aDad is teaching Team Pteranodon how to catch fish. But Tiny can not catch one. Will someone help her? Read this fun story and find out! | ||
| 521 | 8 |
_a360
_bLexile estimate |
|
| 521 | 8 |
_aH
_bRaz-Plus |
|
| 942 |
_2ddc _cBK _n0 |
||
| 999 |
_c9081 _d9081 |
||